000 01174nam a2200217 a 4500
001 000276608
003 AM-YEHGA
005 20250617163828.0
008 031027s1961 ai r 000 0 rus d
040 _aAM-YeHGA
041 0 _arus
110 1 _aАрмянская ССР.
_bВерховный Совет.
245 1 0 _aТоржественное заседание Верховного Совета Армянской ССР и ЦК Компартии Армении, посвященное 40-летию установления Советской власти в Армении и образования Коммунистической партии Армении, (6 мая 1961 г.) :
_bСтеногр. отчет.
260 _aЕреван :
_bИзд. Верховного Совета Арм. ССР,
_c1961.
300 _a124 с. ;
_c22 см.
650 1 4 _aИстория Коммунистической партии
_zАрмения
650 1 4 _aСоветская власть в Армении
710 2 _aКоммунистическая партия Армении.
_bЦентральный Комитет
942 _2udc
_cBK
090 _c516862
999 _c513347
_d513347